Arabs in Israel (Record no. 631)

MARC details
000 -LEADER
fixed length control field 00564nam a2200241 a 4500
020 ## - INTERNATIONAL STANDARD BOOK NUMBER
ISBN
082 00 - DEWEY DECIMAL CLASSIFICATION NUMBER
Classification number 956.94
Author Cutter SCH
100 ## - MAIN ENTRY--AUTHOR NAME
Author name Schwarz, Walter
245 ## - TITLE STATEMENT
Title Arabs in Israel
260 ## - PUBLICATION, DISTRIBUTION, ETC. (IMPRINT)
Place of publication London
Name of publisher Faber and Faber Limited
Year of publication 1959
300 ## - PHYSICAL DESCRIPTION
Number of Pages 172p
500 ## - GENERAL NOTE
General note includes index and biblioraphy
505 2# - FORMATTED CONTENTS NOTE
Formatted contents note Index
650 ## - SUBJECT ADDED ENTRY--TOPICAL TERM
Topical Term Kosovo-History
942 ## - ADDED ENTRY ELEMENTS (KOHA)
Koha item type Books
700 1# -
-- Schwarz, Walter
Holdings
Collection code Home library Current library Date acquired Cost, normal purchase price Full call number Accession Number Koha item type
  Henry Martyn Institute Library Henry Martyn Institute Library 05/30/2007 100.00 956.94 SCH 01114 Books
                   Copyright © 2026 | Henry Martyn Institute | Hyderabad | TS-500052 | INDIA | Implemented by hmi.edu.in
Hit-Count:

Powered by Koha